Juice WRLD All Spotify Songs - Statistiken

Allgemein
  • Dieses Quiz wurde 23 mal gespielt
    15 seit der letzten Aktualisierung
  • Das Durchschnittsergebnis liegt bei 61 aus 176
Antwortstatistiken
Hint Antwort % Korrekt
Goodbye & Good Riddance Lucid Dreams
100%
Death Race for Love Robbery
93%
Death Race for Love Empty
86%
Features GO - The Kid LAROI
86%
Goodbye & Good Riddance All Girls Are The Same
79%
Legends Never Die Conversations
79%
Goodbye & Good Riddance Armed And Dangerous
71%
Too Soon.. Legends
71%
Fighting Demons Cigarettes
64%
Goodbye & Good Riddance Lean Wit Me
64%
Fighting Demons Doom
64%
Future & Juice WRLD Present... WRLD ON DRUGS Fine China
64%
Death Race for Love Maze
64%
Legends Never Die Righteous
64%
Legends Never Die Smile (with The Weeknd)
64%
Goodbye & Good Riddance Wasted (feat. Lil Uzi Vert)
64%
Legends Never Die Wishing Well
64%
Singles Bandit (with YoungBoy Never Broke Again)
57%
Goodbye & Good Riddance Candles
57%
Legends Never Die Come & Go (with Marshmello)
57%
The Party Never Ends Cuffed
57%
Features Hate Me - Ellie Goulding
57%
Death Race for Love HeMotions
57%
Goodbye & Good Riddance Hurt Me
57%
Goodbye & Good Riddance Long Gone
57%
The Party Never Ends The Party Never Ends
57%
Legends Never Die Titanic
57%
Death Race for Love Who Shot Cupid?
57%
Legends Never Die Anxiety - Intro
50%
Goodbye & Good Riddance Black & White
50%
Fighting Demons Burn
50%
Goodbye & Good Riddance End Of The Road
50%
Death Race for Love Fast
50%
Fighting Demons Girl Of My Dreams (with SUGA of BTS)
50%
Features Godzilla - Eminem
50%
Goodbye & Good Riddance I'll Be Fine
50%
Goodbye & Good Riddance I'm Still
50%
Singles Let Me Know (I Wonder Why Freestyle)
50%
Legends Never Die Life's A Mess (feat. Halsey)
50%
Death Race for Love Make Believe
50%
The Party Never Ends Party By Myself
50%
Too Soon.. Rich And Blind
50%
Death Race for Love The Bees Knees
50%
Legends Never Die (5 Year Anniversary Edition) The Way (with XXXTENTACION)
50%
Death Race for Love 10 Feet
43%
Goodbye & Good Riddance (Anniversary) 734
43%
Legends Never Die Bad Energy
43%
Legends Never Die Blood On My Jeans
43%
Goodbye & Good Riddance (5 Year Anniversary Edition) Glo'd Up
43%
Future & Juice WRLD Present... WRLD ON DRUGS Hard Work Pays Off
43%
Goodbye & Good Riddance Intro
43%
Legends Never Die I Want It
43%
The Party Never Ends Jeffrey
43%
Future & Juice WRLD Present... WRLD ON DRUGS Jet Lag (feat. Young Scooter)
43%
The Pre-Party (Extended) Lightyears (with Young Thug)
43%
Future & Juice WRLD Present... WRLD ON DRUGS Make It Back
43%
Legends Never Die Man Of The Year
43%
Goodbye & Good Riddance (5 Year Anniversary Edition) No Good
43%
Death Race for Love ON GOD (feat. Young Thug)
43%
Features Roses - benny blanco (feat. Brendon Urie)
43%
Singles The Light
43%
Features 1400/999 Freestyle - Trippie Redd
36%
Future & Juice WRLD Present... WRLD ON DRUGS 7 Am Freestyle
36%
The Party Never Ends AGATS2 (Insecure) [with Nicki Minaj]
36%
Future & Juice WRLD Present... WRLD ON DRUGS Astronauts
36%
Singles Bad Boy (with Young Thug)
36%
The Pre-Party (Extended) Cavalier
36%
The Party Never Ends Celebrate (with Offset)
36%
Death Race for Love Desire
36%
Legends Never Die Hate The Other Side (with Marshmello, The Kid LAROI & Polo G)
36%
The Party Never Ends Empty Out Your Pockets
36%
Death Race for Love Feeling
36%
Fighting Demons Feline (with PoloG & Trippie Redd)
36%
Death Race for Love Flaws And Sins
36%
Death Race for Love Hear Me Calling
36%
Singles Hide (feat. Seezyn)
36%
Features KNIGHT CRAWLER - Trippie Redd
36%
The Party Never Ends Lace It (with Eminem & benny blanco)
36%
Goodbye & Good Riddance (Anniversary) Lucid Dreams (feat. Lil Uzi Vert) - Remix
36%
Features Matt Hardy 999 - Trippie Redd
36%
The Party Never Ends Misfit
36%
Future & Juice WRLD Present... WRLD ON DRUGS Realer N Realer
36%
Death Race for Love Rider
36%
Death Race for Love Ring Ring (feat. Clever)
36%
Goodbye & Good Riddance Scared Of Love
36%
Death Race for Love She's The One
36%
Legends Never Die Tell Me U Luv Me (with Trippie Redd)
36%
The Pre-Party (Extended) World Tour (Aquafina)
36%
Future & Juice WRLD Present... WRLD ON DRUGS WRLD ON DRUGS
36%
Features 6 Kiss - Trippie Redd (feat. YNW Melly)
29%
Legends Never Die (5 Year Anniversary Edition) All Life Long
29%
Fighting Demons Already Dead
29%
Features Blastoff - Internet Money, Trippie Redd
29%
Legends Never Die Can't Die
29%
Death Race for Love Demonz - Interlude
29%
Fighting Demons Eminem Speaks
29%
Legends Never Die Fighting Demons
29%
Legends Never Die Get Through It - Interlude
29%
Fighting Demons Go Hard
29%
Fighting Demons Go Hard 2.0
29%
Features Juice WRLD DID - DJ Khaled
29%
Fighting Demons Juice WRLD Speaks
29%
Goodbye & Good Riddance Karma - Skit
29%
Singles Life's A Mess II (with Clever & Post Malone)
29%
Fighting Demons Not Enough
29%
Features Nuketown - Ski Mask The Slump God
29%
Death Race for Love Out My Way
29%
Features Ransom (Remix) - Lil Tecca
29%
Singles Real Shit (with benny blanco)
29%
Fighting Demons Rockstar In His Prime
29%
Future & Juice WRLD Present... WRLD ON DRUGS Shorty
29%
Legends Never Die Stay High
29%
Death Race for Love Syphillis
29%
Legends Never Die Up Up And Away
29%
Fighting Demons Wandered To LA (with Justin Bieber)
29%
Singles We Don't Get Along (with Marshmello)
29%
Fighting Demons You Wouldn't Understand
29%
The Party Never Ends Adore You
21%
Features All Night - BTS
21%
Death Race for Love Big
21%
The Pre-Party (Extended) Both Ways
21%
Features Bye Bye - Marshmello
21%
Features PTSD - G Herbo, Lil Uzi Vert, Chance the Rapper
21%
Features Wake Up! - Ski Mask The Slump God
21%
Fighting Demons Feel Alone
21%
The Party Never Ends Floor It
21%
Fighting Demons From My Window
21%
The Party Never Ends Goodbye
21%
Features Graduation - benny blanco
21%
Singles In My Head
21%
The Party Never Ends KTM Drip
21%
Features Money - Young Thug (feat. Nicki Minaj)
21%
The Party Never Ends Oxycodone
21%
Fighting Demons Relocate
21%
Singles Reminds Me Of You (with The Kid LAROI)
21%
Features Round - Yung Bans
21%
Legends Never Die Screw Juice
21%
Fighting Demons Sometimes
21%
Features Suicidal (Remix) - YNW Melly
21%
Fighting Demons Until The Plug Comes Back Around
21%
Goodbye & Good Riddance Used To
21%
Features Without Me - Halsey
21%
Death Race for Love Won't Let Go
21%
Features 4Ever - Jamz, French Montana
14%
Future & Juice WRLD Present... WRLD ON DRUGS Ain't Livin Right (feat. Gunna)
14%
Features Arctic Tundra - Nicki Minaj
14%
The Party Never Ends Barbarian
14%
The Party Never Ends Best Friend (with Fall Out Boy)
14%
Goodbye & Good Riddance Betrayal - Skit
14%
The Party Never Ends Condone It
14%
Future & Juice WRLD Present... WRLD ON DRUGS Different (feat. Yung Bans)
14%
Features Demons and Angels - A Boogie Wit da Hoodie
14%
Features whoa (mind in awe) [Remix] - XXXTENTACION
14%
Singles Face 2 Face
14%
Features Honestly - G Herbo
14%
Fighting Demons Juice WRLD Speaks 2
14%
Legends Never Die Juice WRLD Speaks From Heaven - Outro
14%
The Party Never Ends Love Letter
14%
Features Mannequin Challenge - Young Thug
14%
Features MoshPit - Kodak Black
14%
Fighting Demons My Life In A Nutshell
14%
Future & Juice WRLD Present... WRLD ON DRUGS No Issue
14%
Future & Juice WRLD Present... WRLD ON DRUGS Red Bentley (feat. Young Thug)
14%
Features Rich Nigga Shit - Young Thug
14%
The Party Never Ends Spend It
14%
Legends Never Die The Man, The Myth, The Legend - Interlude
14%
Features Yacht Club - Lil Yachty
14%
Features Can't Leave You Alone - Maroon 5
7%
Features Doomsday - Lyrical Lemonade (with Cordae)
7%
Features Flex - PoloG
7%
Features Never Scared - G Herbo
7%
Features NO BYSTANDERS - Travis Scott
7%
Features No Me Ame - Rvssian, Anuel AA
7%
Features Antisocial - Migos
0%
Features Buck 50 - DJ Scheme
0%
Features Cross The Globe - Lil Durk
0%
Keine übereinstimmenden Quizze gefunden
Verteilung der Resultate
Anzahl Personen mit jedem Resultat
Perzentil nach korrekt beantworteten Fragen
Ihre Resultats-Entwicklung
Sie haben dieses Quiz seit der letzten Aktualisierung nicht gespielt